[Event "World Chess Olympiad 2018"]
[Site "Batumi"]
[Date "2018.09.27"]
[Round "4"]
[Board "2"]
[WhiteFideId "6100775"]
[White "Rocha Maximiliano"]
[BlackFideId "12000078"]
[Black "Guller Andras"]
[Result "1/2-1/2"]
[LiveChessVersion "1.4.8"]
[BlackElo "2012"]
[WhiteElo "2185"]

1. e4 {[%clk 1:30:55]} c5 {[%clk 1:30:36]} 2. c3 {[%clk 1:30:42]} d5
{[%clk 1:30:28]} 3. exd5 {[%clk 1:30:59]} Qxd5 {[%clk 1:30:49]} 4. Nf3
{[%clk 1:31:02]} Nf6 {[%clk 1:30:19]} 5. d4 {[%clk 1:30:11]} e6 {[%clk 1:30:02]}
6. Be3 {[%clk 1:30:02]} cxd4 {[%clk 1:28:35]} 7. cxd4 {[%clk 1:28:57]} Be7
{[%clk 1:26:58]} 8. Nc3 {[%clk 1:29:15]} Qd8 {[%clk 1:26:48]} 9. Bd3
{[%clk 1:27:33]} O-O {[%clk 1:23:58]} 10. O-O {[%clk 1:24:38]} b6
{[%clk 1:20:12]} 11. Ne5 {[%clk 1:18:52]} Bb7 {[%clk 1:16:50]} 12. Qe2
{[%clk 1:18:56]} Nc6 {[%clk 1:11:02]} 13. Rfd1 {[%clk 1:17:07]} Nb4
{[%clk 1:03:16]} 14. Bc4 {[%clk 1:11:54]} Nbd5 {[%clk 1:01:04]} 15. Rac1
{[%clk 1:10:31]} Rc8 {[%clk 0:56:10]} 16. Bd3 {[%clk 0:57:22]} Nxc3
{[%clk 0:41:22]} 17. bxc3 {[%clk 0:56:45]} Ba3 {[%clk 0:35:21]} 18. Rc2
{[%clk 0:54:15]} Be4 {[%clk 0:35:26]} 19. c4 {[%clk 0:50:55]} Bxd3
{[%clk 0:34:35]} 20. Rxd3 {[%clk 0:50:35]} Be7 {[%clk 0:33:10]} 21. Qf3
{[%clk 0:47:15]} Nd5 {[%clk 0:32:25]} 22. Rdd2 {[%clk 0:32:02]} Nxe3
{[%clk 0:31:36]} 23. fxe3 {[%clk 0:26:55]} Bd6 {[%clk 0:30:18]} 24. Nd3
{[%clk 0:20:23]} Qh4 {[%clk 0:29:27]} 25. g3 {[%clk 0:20:22]} Qg5
{[%clk 0:29:44]} 26. Nf2 {[%clk 0:18:33]} Qa5 {[%clk 0:27:26]} 27. Ne4
{[%clk 0:18:28]} Be7 {[%clk 0:27:33]} 28. Rf2 {[%clk 0:17:46]} Qa4
{[%clk 0:25:41]} 29. c5 {[%clk 0:09:15]} bxc5 {[%clk 0:24:52]} 30. d5
{[%clk 0:07:16]} exd5 {[%clk 0:22:11]} 31. Nc3 {[%clk 0:07:40]} Qd7
{[%clk 0:19:10]} 32. Nxd5 {[%clk 0:08:04]} Bd8 {[%clk 0:19:22]} 33. Rcd2
{[%clk 0:07:17]} Qe6 {[%clk 0:19:15]} 34. Nf4 {[%clk 0:05:25]} Qb6
{[%clk 0:17:55]} 35. Qg4 {[%clk 0:05:24]} Rb8 {[%clk 0:16:36]} 36. Rd7
{[%clk 0:04:46]} Qb1+ {[%clk 0:15:33]} 37. Rf1 {[%clk 0:03:50]} Qe4
{[%clk 0:15:15]} 38. Qe2 {[%clk 0:02:54]} Rb1 {[%clk 0:14:27]} 39. Rxb1
{[%clk 0:02:01]} Qxb1+ {[%clk 0:14:49]} 40. Rd1 {[%clk 0:31:38]} Qe4 1/2-1/2

[Event "World Chess Olympiad 2018"]
[Site "Batumi"]
[Date "2018.09.27"]
[Round "4"]
[Board "3"]
[WhiteFideId "200450"]
[White "Iclicki Willy"]
[BlackFideId "6100457"]
[Black "Alfaro William"]
[Result "0-1"]
[LiveChessVersion "1.4.8"]
[BlackElo "2163"]
[WhiteElo "1992"]

1. d4 {[%clk 1:30:53]} Nf6 {[%clk 1:28:20]} 2. c4 {[%clk 1:31:17]} c5
{[%clk 1:28:16]} 3. d5 {[%clk 1:31:39]} b5 {[%clk 1:28:29]} 4. cxb5
{[%clk 1:31:56]} a6 {[%clk 1:28:54]} 5. bxa6 {[%clk 1:32:16]} g6 {[%clk 1:29:18]}
6. Nc3 {[%clk 1:32:24]} Bg7 {[%clk 1:29:39]} 7. e4 {[%clk 1:31:36]} O-O
{[%clk 1:30:04]} 8. Nf3 {[%clk 1:31:54]} Qa5 {[%clk 1:30:29]} 9. Bd2
{[%clk 1:29:57]} Bxa6 {[%clk 1:29:04]} 10. Bxa6 {[%clk 1:26:27]} Qxa6
{[%clk 1:29:27]} 11. Qe2 {[%clk 1:26:54]} d6 {[%clk 1:28:56]} 12. Qxa6
{[%clk 1:25:48]} Nxa6 {[%clk 1:29:20]} 13. Ke2 {[%clk 1:24:13]} Rfb8
{[%clk 1:21:07]} 14. Rab1 {[%clk 1:14:31]} Nc7 {[%clk 1:09:57]} 15. a3
{[%clk 1:04:31]} Nb5 {[%clk 1:04:41]} 16. Kd3 {[%clk 0:56:37]} Ng4
{[%clk 1:00:16]} 17. Rhf1 {[%clk 0:51:03]} Nd4 {[%clk 0:49:18]} 18. Nxd4
{[%clk 0:37:38]} cxd4 {[%clk 0:44:07]} 19. Ne2 {[%clk 0:26:20]} Ne5+
{[%clk 0:27:39]} 20. Kxd4 {[%clk 0:22:57]} Nf3+ {[%clk 0:07:23]} 21. Kd3
{[%clk 0:20:18]} Nxd2 {[%clk 0:06:51]} 22. Kxd2 {[%clk 0:20:46]} Bxb2
{[%clk 0:07:20]} 23. Kc2 {[%clk 0:16:05]} Bxa3 {[%clk 0:07:42]} 24. Rxb8+
{[%clk 0:16:33]} Rxb8 {[%clk 0:08:11]} 25. Rb1 {[%clk 0:14:49]} Rc8+
{[%clk 0:06:48]} 26. Kd3 {[%clk 0:15:02]} Bc5 {[%clk 0:07:14]} 27. f3
{[%clk 0:14:02]} Ra8 {[%clk 0:07:31]} 28. Rb2 {[%clk 0:11:19]} Ra3+
{[%clk 0:06:53]} 29. Kc4 {[%clk 0:11:05]} Re3 {[%clk 0:04:30]} 30. Nf4
{[%clk 0:09:09]} Ra3 {[%clk 0:03:37]} 31. Nd3 {[%clk 0:08:44]} Bg1
{[%clk 0:03:30]} 32. h3 {[%clk 0:08:54]} Kg7 {[%clk 0:03:16]} 33. Nb4
{[%clk 0:06:51]} Kf6 {[%clk 0:03:13]} 34. Nc6 {[%clk 0:06:51]} Ra8
{[%clk 0:01:34]} 35. Kd3 {[%clk 0:03:39]} h5 {[%clk 0:01:45]} 36. Ke2
{[%clk 0:02:33]} h4 {[%clk 0:02:07]} 37. Rb7 {[%clk 0:02:31]} Ra2+
{[%clk 0:01:08]} 38. Kf1 {[%clk 0:02:57]} Ra1+ {[%clk 0:01:10]} 39. Ke2
{[%clk 0:03:23]} Ra2+ {[%clk 0:01:31]} 40. Kf1 {[%clk 0:33:40]} Bh2
{[%clk 0:31:31]} 41. Rxe7 {[%clk 0:31:47]} Bg3 {[%clk 0:31:55]} 42. Re8
{[%clk 0:25:09]} Rc2 {[%clk 0:27:45]} 43. Rf8 {[%clk 0:15:48]} Rf2+
{[%clk 0:27:02]} 44. Kg1 {[%clk 0:15:37]} Re2 {[%clk 0:27:22]} 0-1

[Event "World Chess Olympiad 2018"]
[Site "Batumi"]
[Date "2018.09.27"]
[Round "4"]
[Board "4"]
[WhiteFideId "6100376"]
[White "Picado Jorge"]
[BlackFideId "14531216"]
[Black "Jelic Dejan"]
[Result "1-0"]
[LiveChessVersion "1.4.8"]
[BlackElo "1890"]
[WhiteElo "2143"]

1. e4 {[%clk 1:30:50]} e5 {[%clk 1:30:56]} 2. Nf3 {[%clk 1:30:45]} Nc6
{[%clk 1:31:22]} 3. Bc4 {[%clk 1:31:01]} Nf6 {[%clk 1:31:45]} 4. d3
{[%clk 1:30:23]} Bc5 {[%clk 1:31:41]} 5. Bg5 {[%clk 1:30:39]} Be7
{[%clk 1:31:44]} 6. Nc3 {[%clk 1:30:59]} h6 {[%clk 1:31:30]} 7. Bd2
{[%clk 1:29:30]} d6 {[%clk 1:31:22]} 8. Nd5 {[%clk 1:28:17]} Bg4 {[%clk 1:20:01]}
9. Nxe7 {[%clk 1:27:31]} Qxe7 {[%clk 1:15:23]} 10. c3 {[%clk 1:26:49]} O-O
{[%clk 1:14:14]} 11. b4 {[%clk 1:24:30]} d5 {[%clk 0:52:43]} 12. exd5
{[%clk 1:17:52]} e4 {[%clk 0:52:42]} 13. dxe4 {[%clk 1:17:56]} Qxe4+
{[%clk 0:53:02]} 14. Be2 {[%clk 1:10:13]} Nxd5 {[%clk 0:49:38]} 15. O-O
{[%clk 0:58:44]} Rad8 {[%clk 0:47:01]} 16. Rc1 {[%clk 0:55:17]} Nf4
{[%clk 0:35:55]} 17. Re1 {[%clk 0:53:43]} Nd3 {[%clk 0:33:07]} 18. Bxd3
{[%clk 0:45:43]} Qxd3 {[%clk 0:33:31]} 19. Be3 {[%clk 0:45:52]} Qc4
{[%clk 0:24:53]} 20. Qb3 {[%clk 0:38:32]} Qxb3 {[%clk 0:24:37]} 21. axb3
{[%clk 0:38:54]} Bxf3 {[%clk 0:25:02]} 22. gxf3 {[%clk 0:39:16]} Ne5
{[%clk 0:25:20]} 23. Red1 {[%clk 0:39:37]} Nxf3+ {[%clk 0:25:33]} 24. Kg2
{[%clk 0:40:03]} Nh4+ {[%clk 0:25:52]} 25. Kh3 {[%clk 0:39:43]} Ng6
{[%clk 0:24:33]} 26. c4 {[%clk 0:38:45]} Ne5 {[%clk 0:24:02]} 27. b5
{[%clk 0:36:18]} Rfe8 {[%clk 0:23:10]} 28. Ra1 {[%clk 0:34:46]} Nd3
{[%clk 0:23:06]} 29. Kg3 {[%clk 0:30:59]} g5 {[%clk 0:20:20]} 30. h4
{[%clk 0:29:05]} gxh4+ {[%clk 0:15:39]} 31. Kxh4 {[%clk 0:29:26]} Kh7
{[%clk 0:14:23]} 32. Kg3 {[%clk 0:22:44]} b6 {[%clk 0:10:36]} 33. Rxa7
{[%clk 0:19:39]} Rg8+ {[%clk 0:10:46]} 34. Kf3 {[%clk 0:19:42]} Ne5+
{[%clk 0:10:24]} 35. Ke2 {[%clk 0:20:01]} Rxd1 {[%clk 0:10:44]} 36. Kxd1
{[%clk 0:20:23]} Rd8+ {[%clk 0:08:17]} 37. Ke2 {[%clk 0:20:42]} Rc8
{[%clk 0:06:55]} 38. f4 {[%clk 0:16:24]} Ng4 {[%clk 0:05:22]} 39. Bd4
{[%clk 0:16:44]} Kg6 {[%clk 0:05:19]} 40. Kf3 {[%clk 0:46:49]} Kf5
{[%clk 0:33:19]} 41. c5 {[%clk 0:40:33]} bxc5 {[%clk 0:24:34]} 42. Bxc5
{[%clk 0:41:01]} Nf6 {[%clk 0:23:35]} 43. Bd4 {[%clk 0:39:08]} Nd5
{[%clk 0:22:46]} 44. Ra6 {[%clk 0:36:59]} f6 {[%clk 0:22:40]} 45. Rc6
{[%clk 0:36:23]} Rd8 {[%clk 0:20:17]} 46. Rc5 {[%clk 0:36:11]} h5
{[%clk 0:19:42]} 47. Bf2 {[%clk 0:36:38]} Rd6 {[%clk 0:18:38]} 48. Be1
{[%clk 0:36:01]} Rd7 {[%clk 0:18:03]} 49. Bh4 {[%clk 0:34:31]} Rd6
{[%clk 0:17:50]} 50. Bf2 {[%clk 0:33:16]} Rd7 {[%clk 0:18:05]} 51. Be1
{[%clk 0:33:39]} Rd6 {[%clk 0:18:21]} 52. Ba5 {[%clk 0:29:21]} Rd7
{[%clk 0:18:07]} 53. Bxc7 {[%clk 0:26:45]} Rxc7 {[%clk 0:18:25]} 54. Rxd5+
{[%clk 0:27:10]} Ke6 {[%clk 0:18:26]} 55. Rxh5 {[%clk 0:26:01]} Rc3+
{[%clk 0:18:40]} 56. Kg4 {[%clk 0:25:44]} Rxb3 {[%clk 0:18:47]} 57. Rc5
{[%clk 0:25:57]} Rb4 {[%clk 0:17:13]} 58. Rc6+ {[%clk 0:24:29]} Kd7
{[%clk 0:17:11]} 59. Rxf6 {[%clk 0:22:42]} Rxb5 {[%clk 0:17:31]} 60. Rf5
{[%clk 0:22:46]} Rb6 {[%clk 0:12:35]} 61. Re5 {[%clk 0:21:45]} Ra6
{[%clk 0:12:22]} 62. Kg5 {[%clk 0:22:00]} Rb6 {[%clk 0:12:40]} 63. Re1
{[%clk 0:21:50]} Ra6 {[%clk 0:12:52]} 64. f5 {[%clk 0:22:14]} Rb6
{[%clk 0:13:15]} 65. f6 {[%clk 0:22:30]} Rb2 {[%clk 0:13:22]} 66. Kg6
{[%clk 0:22:35]} Rg2+ {[%clk 0:13:44]} 67. Kf7 {[%clk 0:22:57]} Rd2
{[%clk 0:13:54]} 68. Kg8 {[%clk 0:21:14]} Rg2+ {[%clk 0:13:55]} 69. Kf8
{[%clk 0:21:37]} Rd2 {[%clk 0:13:57]} 70. f7 {[%clk 0:20:42]} Rg2
{[%clk 0:09:15]} 71. Rd1+ {[%clk 0:20:40]} Kc7 {[%clk 0:09:31]} 72. Rd4
{[%clk 0:19:42]} Kc6 {[%clk 0:09:24]} 73. Ke7 {[%clk 0:19:31]} Re2+
{[%clk 0:09:43]} 74. Kf6 {[%clk 0:19:43]} Rf2+ {[%clk 0:09:56]} 75. Kg7
{[%clk 0:20:06]} Rg2+ {[%clk 0:10:15]} 76. Kh6 {[%clk 0:20:04]} Rf2
{[%clk 0:10:31]} 77. Kg6 {[%clk 0:20:22]} Kc5 {[%clk 0:10:44]} 78. Rd8
{[%clk 0:20:33]} Rg2+ {[%clk 0:11:00]} 79. Kh5 {[%clk 0:20:53]} Rh2+
{[%clk 0:11:17]} 80. Kg4 {[%clk 0:21:14]} Rg2+ {[%clk 0:11:30]} 81. Kf3
{[%clk 0:22:00]} 1-0

[Event "World Chess Olympiad 2018"]
[Site "Batumi"]
[Date "2018.09.27"]
[Round "4"]
[Board "1"]
[WhiteFideId "10500103"]
[White "Pg Mohd Omar Ak Hira"]
[BlackFideId "21300020"]
[Black "Klaas Tokelo"]
[Result "1-0"]
[LiveChessVersion "1.4.8"]
[BlackElo "1827"]
[WhiteElo "2175"]

1. e4 {[%clk 1:30:17]} c5 {[%clk 1:29:24]} 2. Nf3 {[%clk 1:30:19]} e6
{[%clk 1:29:01]} 3. g3 {[%clk 1:29:59]} Nc6 {[%clk 1:28:49]} 4. Bg2
{[%clk 1:28:42]} d6 {[%clk 1:26:26]} 5. O-O {[%clk 1:28:34]} Nf6 {[%clk 1:26:52]}
6. d3 {[%clk 1:28:30]} Be7 {[%clk 1:27:14]} 7. Re1 {[%clk 1:27:10]} O-O
{[%clk 1:27:26]} 8. Nbd2 {[%clk 1:26:33]} Bd7 {[%clk 1:27:22]} 9. Nf1
{[%clk 1:25:53]} Qc7 {[%clk 1:24:48]} 10. Bf4 {[%clk 1:23:16]} Ne5
{[%clk 1:24:08]} 11. Nxe5 {[%clk 1:20:01]} dxe5 {[%clk 1:22:54]} 12. Bg5
{[%clk 1:15:20]} h6 {[%clk 1:19:08]} 13. Bd2 {[%clk 1:08:00]} Bc6
{[%clk 1:18:24]} 14. Ne3 {[%clk 1:04:08]} b5 {[%clk 1:17:29]} 15. Qe2
{[%clk 1:00:50]} Rfd8 {[%clk 1:17:30]} 16. Rad1 {[%clk 1:00:04]} Rd7
{[%clk 1:17:49]} 17. Rf1 {[%clk 0:53:36]} Bd6 {[%clk 1:12:35]} 18. h4
{[%clk 0:48:15]} Kh7 {[%clk 1:01:03]} 19. Bh3 {[%clk 0:43:08]} Rad8
{[%clk 0:56:26]} 20. Qe1 {[%clk 0:40:33]} Rf8 {[%clk 0:56:17]} 21. f3
{[%clk 0:31:37]} Nh5 {[%clk 0:44:42]} 22. Kh2 {[%clk 0:31:37]} Bb7
{[%clk 0:44:42]} 23. Qe2 {[%clk 0:28:22]} a6 {[%clk 0:43:25]} 24. Rg1
{[%clk 0:26:26]} Qd8 {[%clk 0:33:32]} 25. Ng2 {[%clk 0:23:04]} Nf6
{[%clk 0:30:42]} 26. f4 {[%clk 0:14:44]} Kh8 {[%clk 0:29:36]} 27. g4
{[%clk 0:12:58]} c4 {[%clk 0:26:08]} 28. g5 {[%clk 0:11:59]} cxd3
{[%clk 0:25:47]} 29. cxd3 {[%clk 0:12:05]} Ng8 {[%clk 0:25:10]} 30. f5
{[%clk 0:11:42]} Bc5 {[%clk 0:24:14]} 31. Be3 {[%clk 0:11:49]} Bxe3
{[%clk 0:17:13]} 32. Nxe3 Rd6 {[%clk 0:16:25]} 33. fxe6 {[%clk 0:07:43]} fxe6
{[%clk 0:15:20]} 34. Ng4 {[%clk 0:05:26]} Qb6 {[%clk 0:14:51]} 35. Rdf1 Rxf1 36.
Bxf1 {[%clk 0:04:59]} Qd4 {[%clk 0:14:50]} 37. gxh6 {[%clk 0:04:53]} Rd7
{[%clk 0:09:10]} 38. hxg7+ {[%clk 0:04:12]} Rxg7 {[%clk 0:09:38]} 39. Rg2
{[%clk 0:04:20]} Rh7 {[%clk 0:08:20]} 40. Kh3 {[%clk 0:33:48]} Qd8
{[%clk 0:38:30]} 41. Qf2 {[%clk 0:33:31]} Qg5 {[%clk 0:37:45]} 42. Qg3
{[%clk 0:33:08]} Qf4 {[%clk 0:27:30]} 43. Nxe5 {[%clk 0:31:20]} Qxg3+
{[%clk 0:23:44]} 44. Rxg3 {[%clk 0:31:14]} Ne7 {[%clk 0:23:07]} 45. Be2
{[%clk 0:30:31]} Rg7 {[%clk 0:22:19]} 46. Bg4 {[%clk 0:30:17]} Ng6
{[%clk 0:21:34]} 47. Nxg6+ {[%clk 0:27:32]} Rxg6 {[%clk 0:21:50]} 48. h5
{[%clk 0:25:28]} Rh6 {[%clk 0:21:57]} 49. Kh4 {[%clk 0:24:04]} e5
{[%clk 0:22:05]} 50. Bd1 {[%clk 0:21:31]} Bc8 {[%clk 0:19:15]} 51. Bb3
{[%clk 0:21:16]} Rc6 {[%clk 0:19:22]} 52. Rg5 {[%clk 0:20:18]} Rc5
{[%clk 0:18:28]} 53. d4 {[%clk 0:19:57]} Rc1 {[%clk 0:17:41]} 54. Rxe5 1-0

[Event "World Chess Olympiad 2018"]
[Site "Batumi"]
[Date "2018.09.27"]
[Round "4"]
[Board "2"]
[WhiteFideId "14317176"]
[White "Khalema Sechaba"]
[BlackFideId "10500499"]
[Black "Pg Md Omar Ak Hafizon"]
[Result "0-1"]
[LiveChessVersion "1.4.8"]
[BlackElo "2125"]
[WhiteElo "1779"]

1. d4 {[%clk 1:30:15]} Nf6 {[%clk 1:30:58]} 2. c4 {[%clk 1:30:12]} g6
{[%clk 1:31:23]} 3. Nc3 {[%clk 1:30:34]} d5 {[%clk 1:31:50]} 4. Nf3
{[%clk 1:31:00]} Bg7 {[%clk 1:31:40]} 5. Qb3 {[%clk 1:15:59]} c6 {[%clk 1:24:14]}
6. cxd5 {[%clk 0:57:51]} Nxd5 {[%clk 1:24:15]} 7. e4 {[%clk 0:57:02]} Nxc3
{[%clk 1:23:33]} 8. bxc3 {[%clk 0:57:26]} O-O {[%clk 1:23:30]} 9. Be3
{[%clk 0:57:46]} c5 {[%clk 1:17:32]} 10. Be2 {[%clk 0:57:54]} Nc6
{[%clk 1:11:16]} 11. Rd1 {[%clk 0:57:33]} cxd4 {[%clk 1:00:18]} 12. cxd4
{[%clk 0:53:25]} Qa5+ {[%clk 0:59:52]} 13. Bd2 {[%clk 0:53:11]} Qb6
{[%clk 1:00:11]} 14. d5 {[%clk 0:49:44]} Nd4 {[%clk 0:56:20]} 15. Qxb6
{[%clk 0:49:51]} Nc2+ {[%clk 0:56:16]} 16. Kf1 {[%clk 0:49:54]} axb6
{[%clk 0:56:42]} 17. Bc4 {[%clk 0:47:51]} Bd7 {[%clk 0:51:36]} 18. Bg5
{[%clk 0:47:56]} Rfe8 {[%clk 0:51:15]} 19. Rd2 {[%clk 0:48:00]} Na3
{[%clk 0:51:06]} 20. Bd3 {[%clk 0:47:46]} b5 {[%clk 0:50:50]} 21. h4
{[%clk 0:47:48]} h6 {[%clk 0:50:04]} 22. Be3 {[%clk 0:47:58]} Nc4
{[%clk 0:50:07]} 23. Bxc4 {[%clk 0:44:36]} bxc4 {[%clk 0:50:35]} 24. Nd4
{[%clk 0:44:54]} Rec8 {[%clk 0:48:03]} 25. Rb2 {[%clk 0:43:22]} b5
{[%clk 0:47:19]} 26. Ke2 {[%clk 0:43:42]} c3 {[%clk 0:45:33]} 27. Rc2
{[%clk 0:43:36]} Rc4 {[%clk 0:36:26]} 28. Kd3 {[%clk 0:36:38]} Raa4
{[%clk 0:35:50]} 29. Nb3 {[%clk 0:34:33]} Rxe4 {[%clk 0:35:40]} 30. Nc5
{[%clk 0:28:26]} Bf5 {[%clk 0:35:55]} 31. Rcc1 {[%clk 0:28:47]} Rxe3+
{[%clk 0:33:26]} 32. Kxe3 {[%clk 0:29:05]} Bd4+ {[%clk 0:33:53]} 33. Kf3
{[%clk 0:29:06]} Bxc5 {[%clk 0:34:04]} 34. Rxc3 {[%clk 0:29:26]} Be4+
{[%clk 0:34:20]} 35. Kg3 {[%clk 0:29:27]} Bd6+ {[%clk 0:34:40]} 36. Kh3
{[%clk 0:29:17]} Bf5+ {[%clk 0:34:55]} 0-1

[Event "World Chess Olympiad 2018"]
[Site "Batumi"]
[Date "2018.09.27"]
[Round "4"]
[Board "3"]
[WhiteFideId "10500324"]
[White "Hj Azahari Md Aliuddin"]
[BlackFideId "21300550"]
[Black "Theko Khanyapa"]
[Result "1-0"]
[LiveChessVersion "1.4.8"]
[BlackElo "1655"]
[WhiteElo "1991"]

1. e4 {[%clk 1:30:57]} c5 {[%clk 1:30:42]} 2. Nf3 {[%clk 1:31:13]} d6
{[%clk 1:26:51]} 3. Bb5+ {[%clk 1:30:23]} Nc6 {[%clk 1:26:25]} 4. O-O
{[%clk 1:27:04]} a6 {[%clk 1:26:39]} 5. Bxc6+ {[%clk 1:27:20]} bxc6
{[%clk 1:26:57]} 6. d4 {[%clk 1:25:17]} cxd4 {[%clk 1:26:15]} 7. Qxd4
{[%clk 1:25:24]} e5 {[%clk 1:24:43]} 8. Qd3 {[%clk 1:17:44]} Be7 {[%clk 1:24:29]}
9. Nc3 {[%clk 1:12:29]} Nf6 {[%clk 1:24:14]} 10. Bg5 {[%clk 1:11:34]} O-O
{[%clk 1:23:57]} 11. Rad1 {[%clk 1:10:21]} a5 {[%clk 1:23:23]} 12. Bxf6
{[%clk 1:00:26]} gxf6 {[%clk 1:23:32]} 13. Rfe1 {[%clk 1:00:16]} Kh8
{[%clk 1:18:20]} 14. Ne2 {[%clk 0:56:52]} Qb6 {[%clk 1:15:45]} 15. b3
{[%clk 0:53:35]} Rg8 {[%clk 1:11:43]} 16. Ng3 {[%clk 0:49:25]} Rg4
{[%clk 1:05:12]} 17. Qe3 {[%clk 0:42:59]} Qxe3 {[%clk 0:58:14]} 18. Rxe3
{[%clk 0:43:23]} Be6 {[%clk 0:58:10]} 19. h3 {[%clk 0:42:04]} Rg7
{[%clk 0:56:19]} 20. Nh4 {[%clk 0:35:23]} Rag8 {[%clk 0:47:07]} 21. Kf1
{[%clk 0:34:11]} Bf8 {[%clk 0:42:00]} 22. Nh5 {[%clk 0:33:40]} Rg5
{[%clk 0:23:19]} 23. Nxf6 {[%clk 0:31:52]} R8g7 {[%clk 0:17:42]} 24. Ne8
{[%clk 0:30:14]} Rg8 {[%clk 0:17:52]} 25. Nxd6 {[%clk 0:27:38]} Be7
{[%clk 0:17:43]} 26. Ndf5 {[%clk 0:25:28]} Bb4 {[%clk 0:11:29]} 27. Rg3
{[%clk 0:23:25]} Rxg3 {[%clk 0:11:11]} 28. Nxg3 {[%clk 0:23:46]} a4
{[%clk 0:11:24]} 29. Nhf5 {[%clk 0:22:26]} axb3 {[%clk 0:10:37]} 30. axb3
{[%clk 0:22:47]} c5 {[%clk 0:10:36]} 31. Ne7 {[%clk 0:20:26]} Ra8
{[%clk 0:08:47]} 32. Nc6 {[%clk 0:17:53]} Ra2 {[%clk 0:07:11]} 33. Nxb4
{[%clk 0:16:49]} cxb4 {[%clk 0:07:21]} 34. Rd2 {[%clk 0:16:54]} Kg7
{[%clk 0:07:16]} 35. Ke2 {[%clk 0:17:04]} Bc8 {[%clk 0:07:11]} 36. Ke3
{[%clk 0:14:42]} Be6 {[%clk 0:06:48]} 37. Ne2 {[%clk 0:13:41]} Ra1
{[%clk 0:03:28]} 38. f4 {[%clk 0:13:40]} f6 {[%clk 0:02:15]} 39. fxe5
{[%clk 0:13:30]} fxe5 {[%clk 0:02:16]} 40. Rd6 {[%clk 0:43:42]} Bf7
{[%clk 0:30:33]} 41. Rb6 {[%clk 0:38:14]} Ra2 {[%clk 0:29:31]} 42. Kd3
{[%clk 0:37:22]} Bh5 {[%clk 0:28:08]} 43. Nc1 {[%clk 0:36:12]} Ra1
{[%clk 0:27:39]} 44. Kd2 {[%clk 0:36:33]} Ra7 {[%clk 0:27:50]} 45. Rxb4
{[%clk 0:36:50]} Kf6 {[%clk 0:24:42]} 46. Nd3 {[%clk 0:37:01]} Rd7
{[%clk 0:24:44]} 47. Ke3 {[%clk 0:36:49]} Bd1 {[%clk 0:24:48]} 48. Rc4
{[%clk 0:36:17]} Rg7 {[%clk 0:18:41]} 49. g4 {[%clk 0:36:21]} h5 {[%clk 0:18:16]}
50. Nf2 {[%clk 0:35:31]} Bxg4 {[%clk 0:16:43]} 51. hxg4 {[%clk 0:35:27]} hxg4
{[%clk 0:16:38]} 52. Rc6+ {[%clk 0:34:04]} Kg5 {[%clk 0:16:53]} 53. Nxg4
{[%clk 0:32:05]} Kxg4 {[%clk 0:17:15]} 54. Rc5 {[%clk 0:32:30]} Re7
{[%clk 0:15:02]} 55. b4 {[%clk 0:32:49]} Kg5 {[%clk 0:13:16]} 56. b5
{[%clk 0:33:09]} Kf6 {[%clk 0:13:20]} 57. Rc6+ {[%clk 0:33:17]} Kf7
{[%clk 0:11:13]} 58. b6 {[%clk 0:33:38]} Rd7 {[%clk 0:10:32]} 59. Rc7
{[%clk 0:33:35]} Ke6 {[%clk 0:10:09]} 60. Rxd7 {[%clk 0:33:49]} Kxd7
{[%clk 0:10:01]} 61. c4 {[%clk 0:34:17]} 1-0

[Event "World Chess Olympiad 2018"]
[Site "Batumi"]
[Date "2018.09.27"]
[Round "4"]
[Board "4"]
[WhiteFideId "14317281"]
[White "Lekau Ramokotjo"]
[BlackFideId "10501673"]
[Black "Sharikhan Shawal"]
[Result "0-1"]
[LiveChessVersion "1.4.8"]
[BlackElo "1712"]
[WhiteElo "1627"]

1. e4 {[%clk 1:30:08]} e6 {[%clk 1:30:40]} 2. d4 {[%clk 1:26:43]} d5
{[%clk 1:30:59]} 3. Nc3 {[%clk 1:26:51]} Nf6 {[%clk 1:31:20]} 4. e5
{[%clk 1:26:20]} Nfd7 {[%clk 1:31:20]} 5. f4 {[%clk 1:25:39]} c5 {[%clk 1:30:47]}
6. Nf3 {[%clk 1:24:09]} Nc6 {[%clk 1:30:56]} 7. Be3 {[%clk 1:23:31]} Qb6
{[%clk 1:28:38]} 8. Qd2 {[%clk 1:13:43]} cxd4 {[%clk 1:16:21]} 9. Nxd4
{[%clk 1:13:11]} Qxb2 {[%clk 1:12:14]} 10. Nb3 {[%clk 1:08:18]} Bb4
{[%clk 1:11:15]} 11. Qd1 {[%clk 0:56:43]} Qxc3+ {[%clk 1:00:11]} 12. Kf2
{[%clk 0:49:16]} Nc5 {[%clk 0:55:39]} 13. Bb5 {[%clk 0:40:41]} Nxb3
{[%clk 0:52:51]} 14. cxb3 {[%clk 0:38:01]} Bc5 {[%clk 0:51:28]} 15. Re1
{[%clk 0:36:25]} Bxe3+ {[%clk 0:45:41]} 16. Rxe3 {[%clk 0:36:21]} Qc5
{[%clk 0:45:29]} 17. a4 {[%clk 0:35:04]} Bd7 {[%clk 0:40:51]} 18. Rc1
{[%clk 0:30:44]} Qb6 {[%clk 0:40:08]} 19. Qg4 {[%clk 0:29:47]} g6
{[%clk 0:34:02]} 20. Qh4 {[%clk 0:23:06]} Ne7 {[%clk 0:32:03]} 21. g4
{[%clk 0:20:44]} Bxb5 {[%clk 0:30:42]} 22. axb5 {[%clk 0:20:11]} d4
{[%clk 0:29:00]} 23. Rd3 {[%clk 0:16:42]} Nd5 {[%clk 0:23:57]} 24. Kg3
{[%clk 0:16:02]} Qxb5 {[%clk 0:23:11]} 25. Rc4 {[%clk 0:15:11]} Qa5
{[%clk 0:19:45]} 26. Rc1 {[%clk 0:09:56]} Qb6 {[%clk 0:18:10]} 27. Rcd1
{[%clk 0:07:01]} Rc8 {[%clk 0:16:37]} 28. Kf3 {[%clk 0:04:49]} Rc3
{[%clk 0:15:16]} 29. f5 {[%clk 0:04:31]} Qxb3 {[%clk 0:11:47]} 30. Ke4
{[%clk 0:02:19]} Rxd3 {[%clk 0:11:49]} 0-1